NBA Teams - Statistics

General Stats
  • This quiz has been taken 26 times
  • The average score is 23 of 30
Answer Stats
Answer % Correct
Los Angeles Lakers
95%
Brooklyn Nets
91%
New York Knicks
91%
Golden State Warriors
86%
Orlando Magic
86%
Miami Heat
82%
Boston Celtics
77%
Charlotte Hornets
77%
Dallas Mavericks
77%
Denver Nuggets
77%
Detroit Pistons
77%
Los Angeles Clippers
77%
Memphis Grizzlies
77%
Minnesota Timberwolves
77%
New Orleans Pelicans
77%
San Antonio Spurs
77%
Philadelphia 76ers
73%
Toronto Raptors
73%
Atlanta Hawks
68%
Chicago Bulls
68%
Indiana Pacers
68%
Milwaukee Bucks
68%
Oklahoma City Thunder
68%
Phoenix Suns
68%
Sacramento Kings
68%
Utah Jazz
68%
Washington Wizards
68%
Cleveland Cavaliers
64%
Houston Rockets
64%
Portland Trail Blazers
64%
No matching quizzes found
Score Distribution
Percent of People with Each Score
Percentile by Number Answered
Your Score History
You have not taken this quiz